[Event "II Weekend INPS"]
[Site "Roma ITA"]
[Date "1997.??.??"]
[Round "1"]
[White "Di Lascio, Savino"]
[Black "Passerotti, Pierluigi"]
[Result "0-1"]
[WhiteElo "1708"]
[BlackElo "2310"]
[PlyCount "44"]
[EventDate "1997.??.??"]

1. Nf3 f5 2. g3 Nf6 3. Bg2 g6 4. O-O Bg7 5. d3 O-O 6. Nbd2 d6 7. c3 h6 8. Qb3+
Kh7 9. Nd4 d5 10. f4 c5 11. N4f3 Nc6 12. Ne5 Nxe5 13. fxe5 Ng4 14. Nf3 c4 15.
dxc4 dxc4 16. Qxc4 Qb6+ 17. Qd4 Qc7 18. Bf4 Rd8 19. Qb4 g5 20. Bxg5 hxg5 21.
Nxg5+ Kg6 22. Ne6 Bxe6 0-1

[Event "II Weekend INPS"]
[Site "Roma ITA"]
[Date "1997.??.??"]
[Round "1"]
[White "Galdelli, Fabiano"]
[Black "Luzi, Alessandro"]
[Result "1/2-1/2"]
[WhiteElo "1738"]
[BlackElo "1540"]
[PlyCount "50"]
[EventDate "1997.??.??"]

1. e4 e5 2. Nf3 Nc6 3. Bb5 a6 4. Bxc6 dxc6 5. d4 exd4 6. Qxd4 Qd6 7. h3 Be6 8.
Bg5 f6 9. Bh4 O-O-O 10. Qxd6 cxd6 11. Nbd2 Ne7 12. Bg3 Ng6 13. Rd1 Ne5 14. Nxe5
dxe5 15. Nb3 Bb4+ 16. c3 Rxd1+ 17. Kxd1 Rd8+ 18. Kc1 Bxb3 19. axb3 Be7 20. Kc2
Kc7 21. Rd1 Rxd1 22. Kxd1 b5 23. f3 Bc5 24. Ke2 Kb6 25. Kd3 a5 1/2-1/2

[Event "II Weekend INPS"]
[Site "Roma ITA"]
[Date "1997.??.??"]
[Round "1"]
[White "Gardon, Ermanno"]
[Black "Vanzan, Alessandro"]
[Result "1-0"]
[WhiteElo "1722"]
[BlackElo "1528"]
[PlyCount "61"]
[EventDate "1997.??.??"]

1. e4 d6 2. d4 Nf6 3. Nc3 g6 4. f3 Bg7 5. Be3 O-O 6. Qd2 e5 7. Nge2 Nbd7 8. g4
Nb6 9. Ng3 exd4 10. Bxd4 c5 11. Be3 Be6 12. h4 Nc4 13. Bxc4 Bxc4 14. h5 Re8 15.
hxg6 fxg6 16. O-O-O Re7 17. Nge2 Bxe2 18. Qxe2 Qb6 19. Qh2 Bh8 20. Qxd6 Rd7 21.
Qxc5 Qxc5 22. Bxc5 Rc7 23. Bd4 a6 24. Bxf6 Bxf6 25. Nd5 Bg5+ 26. f4 Bxf4+ 27.
Nxf4 Rac8 28. Rd2 b5 29. Nd5 Rf7 30. e5 Re8 31. Nf6+ 1-0

[Event "II Weekend INPS"]
[Site "Roma ITA"]
[Date "1997.??.??"]
[Round "1"]
[White "Iacoacci, Giancarlo"]
[Black "Tosoni, Augusto"]
[Result "0-1"]
[WhiteElo "1600"]
[BlackElo "2116"]
[PlyCount "126"]
[EventDate "1997.??.??"]

1. d4 Nf6 2. Nf3 d5 3. e3 e6 4. Bd3 Be7 5. O-O O-O 6. Nbd2 c5 7. b3 Nc6 8. Bb2
b6 9. c3 Bb7 10. Re1 Rc8 11. Qe2 cxd4 12. exd4 Nh5 13. g3 g6 14. Ba6 Bxa6 15.
Qxa6 Qd7 16. Qe2 Bf6 17. Ne5 Nxe5 18. dxe5 Bg7 19. c4 Rfd8 20. Qf3 Bf8 21. a3
b5 22. Rad1 Qb7 23. Rc1 Bh6 24. Bc3 bxc4 25. bxc4 Qa6 26. Bb4 Bxd2 27. Bxd2
dxc4 28. Bb4 Qc6 29. Qe3 Qb6 30. Qg5 Rd3 31. Re2 Qd4 32. Rd2 Rd8 33. Rxd3 cxd3
34. Bd6 f6 35. Qe3 fxe5 36. Bxe5 Qxe3 37. fxe3 Rd5 38. Bd4 a5 39. Rd1 e5 40.
Bxe5 Rxe5 41. Rxd3 Nf6 42. h3 Kf7 43. Kg2 Ke6 44. g4 h5 45. Kg3 hxg4 46. hxg4
g5 47. Rb3 Nd5 48. Kf3 a4 49. Rd3 Rxe3+ 50. Rxe3+ Nxe3 51. Kxe3 Ke5 52. Kf3 Kd4
53. Kf2 Ke4 54. Kg3 Ke3 55. Kg2 Kf4 56. Kh3 Kf3 57. Kh2 Kxg4 58. Kg2 Kf4 59.
Kf2 Ke4 60. Kg3 Kd4 61. Kg4 Kc4 62. Kxg5 Kb3 63. Kf4 Kxa3 0-1

[Event "II Weekend INPS"]
[Site "Roma ITA"]
[Date "1997.??.??"]
[Round "1"]
[White "Ianniello, Riccardo"]
[Black "Matano, Arturo"]
[Result "1-0"]
[WhiteElo "2300"]
[BlackElo "1705"]
[PlyCount "51"]
[EventDate "1997.??.??"]

1. e4 g6 2. d4 Bg7 3. Nf3 d6 4. Bc4 c6 5. Qe2 Nf6 6. Bb3 O-O 7. O-O Qc7 8. h3
Nbd7 9. e5 dxe5 10. dxe5 Nd5 11. c4 N5b6 12. Bf4 Nc5 13. Bc2 Be6 14. Nbd2 a5
15. Bg3 Rad8 16. b3 Rd7 17. Qe3 Na6 18. Nd4 Nc5 19. Ne4 Nxe4 20. Nxe6 fxe6 21.
Qxe4 c5 22. Qg4 Rd4 23. Qxe6+ Kh8 24. f4 Nd7 25. Qxe7 Qc6 26. Rad1 1-0

[Event "II Weekend INPS"]
[Site "Roma ITA"]
[Date "1997.??.??"]
[Round "1"]
[White "Maddaloni, Giovanni"]
[Black "Pierangeli, Andrea"]
[Result "0-1"]
[WhiteElo "1571"]
[BlackElo "1783"]
[PlyCount "40"]
[EventDate "1997.??.??"]

1. e4 e6 2. d4 d5 3. e5 c5 4. Nf3 Nc6 5. Bd3 cxd4 6. O-O Nge7 7. Re1 Ng6 8. a3
Be7 9. b4 a6 10. Bb2 O-O 11. Nbd2 Qc7 12. Bxg6 hxg6 13. Nb3 Kh7 14. Nbxd4 Nxd4
15. Bxd4 Rh8 16. Qd2 Kg8 17. Rac1 Bd7 18. Qe3 Rc8 19. c3 Bb5 20. h3 Rh5 0-1

[Event "II Weekend INPS"]
[Site "Roma ITA"]
[Date "1997.??.??"]
[Round "1"]
[White "Marta, Daniele"]
[Black "Campagna, Maurizio"]
[Result "1/2-1/2"]
[WhiteElo "1816"]
[BlackElo "1573"]
[PlyCount "99"]
[EventDate "1997.??.??"]

1. c4 Nf6 2. Nf3 e6 3. d4 b6 4. g3 Bb7 5. Bg2 Be7 6. O-O O-O 7. Nc3 Ne4 8. Qc2
Nxc3 9. Qxc3 f5 10. Rd1 Bf6 11. Ne5 Bxg2 12. Kxg2 d6 13. Qf3 dxe5 14. Qxa8 exd4
15. Qxa7 Qd6 16. f3 Qc6 17. Qa3 Qxc4 18. Qd3 Qd5 19. e4 fxe4 20. Qxe4 Qxe4 21.
fxe4 c5 22. a4 Nc6 23. Bf4 e5 24. Bd2 Na5 25. Bxa5 bxa5 26. Rac1 Be7 27. Rd3
Rc8 28. Rb3 Kf7 29. Rb5 Ke6 30. Rxa5 c4 31. Rd5 Bg5 32. Rf1 c3 33. bxc3 dxc3
34. Rdd1 c2 35. Rc1 Rc3 36. a5 Kd6 37. Kf2 Kc5 38. Ke2 Kd4 39. a6 Bxc1 40. Rxc1
Ra3 41. Rxc2 Rxa6 42. Kf3 Rf6+ 43. Kg4 Kxe4 44. Re2+ Kd4 45. Rd2+ Ke3 46. Rd7
e4 47. h4 Kf2 48. h5 Rf3 49. Rd2+ Ke3 50. Rd7 1/2-1/2

[Event "II Weekend INPS"]
[Site "Roma ITA"]
[Date "1997.??.??"]
[Round "1"]
[White "Mazziotto, Nicola"]
[Black "Spaziani, Gianni"]
[Result "0-1"]
[WhiteElo "1570"]
[BlackElo "1761"]
[PlyCount "70"]
[EventDate "1997.??.??"]

1. e4 e6 2. d4 d5 3. e5 c5 4. c3 Nc6 5. Nf3 cxd4 6. cxd4 Qb6 7. a3 Bd7 8. Nc3
Nge7 9. Na4 Qc7 10. Bd3 Nf5 11. Bxf5 exf5 12. O-O Be7 13. Bg5 Bxg5 14. Nxg5 O-O
15. Nc5 Rae8 16. Re1 Be6 17. Re3 h6 18. Nh3 b6 19. Nd3 Nxd4 20. Rc1 Qe7 21. Qa4
Nb3 22. Qxb3 d4 23. Qa4 dxe3 24. fxe3 Rc8 25. Rxc8 Rxc8 26. Nhf4 Bc4 27. Qc2
Qb7 28. Qf2 Qe4 29. Ne1 Bb3 30. Nfd3 Rd8 31. Nc1 Ba4 32. Na2 Bc6 33. Nc3 Qxe5
34. Nf3 Bxf3 35. gxf3 Rd3 0-1

[Event "II Weekend INPS"]
[Site "Roma ITA"]
[Date "1997.??.??"]
[Round "1"]
[White "Montecchi, Ugo"]
[Black "Ramondino, Renzo"]
[Result "1-0"]
[WhiteElo "1833"]
[BlackElo "1600"]
[PlyCount "113"]
[EventDate "1997.??.??"]

1. e4 c5 2. d4 cxd4 3. c3 d5 4. exd5 Qxd5 5. Nf3 Bg4 6. Be2 Nc6 7. cxd4 e6 8.
O-O Nf6 9. Nc3 Qa5 10. Bf4 Be7 11. Nb5 Nd5 12. Nd6+ Bxd6 13. Bxd6 Rd8 14. Bc5
b6 15. Ba3 Nf4 16. Rc1 Nxe2+ 17. Qxe2 Nxd4 18. Qe4 Bxf3 19. gxf3 Qd5 20. Qxd5
Ne2+ 21. Kh1 Rxd5 22. Rc7 Rd7 23. Rc4 g5 24. Re1 Nf4 25. Rec1 Nd5 26. Ra4 Kd8
27. b4 Rb7 28. b5 Kd7 29. h4 h6 30. Rac4 Rc7 31. Rxc7+ Nxc7 32. Bb2 Rc8 33.
hxg5 hxg5 34. a4 Nd5 35. Rxc8 Kxc8 36. Kg1 Kd7 37. Kf1 Kd6 38. Ba3+ Ke5 39.
Bb2+ Kf4 40. Ke2 Nb4 41. Bc3 Nd5 42. Bd2+ Kf5 43. Kd3 Nf4+ 44. Kc4 Nd5 45. Bc1
f6 46. Bd2 Nf4 47. a5 Nd5 48. a6 g4 49. Bc1 gxf3 50. Ba3 Ke5 51. Bf8 Ne3+ 52.
Kd3 Ng4 53. Bc5 Kd5 54. Bxb6 Ne5+ 55. Kc3 Nd7 56. Bxa7 e5 57. Be3 1-0

[Event "II Weekend INPS"]
[Site "Roma ITA"]
[Date "1997.??.??"]
[Round "1"]
[White "Monteleone, Antonio"]
[Black "Angelucci, Marco"]
[Result "0-1"]
[WhiteElo "2190"]
[BlackElo "1600"]
[PlyCount "100"]
[EventDate "1997.??.??"]

1. d4 Nf6 2. c4 g6 3. Nc3 Bg7 4. e4 d6 5. Nf3 O-O 6. Be2 e5 7. O-O Nc6 8. d5
Ne7 9. Ne1 Nd7 10. Be3 f5 11. f3 Nf6 12. Rc1 f4 13. Bf2 h5 14. c5 g5 15. cxd6
cxd6 16. Nb5 Ne8 17. Nxa7 Bd7 18. Qb3 Ng6 19. Bb6 Qf6 20. Bb5 Bxb5 21. Nxb5 g4
22. Nd3 Nh4 23. Kh1 Kh8 24. Nc7 Nxc7 25. Rxc7 Rg8 26. Rxb7 gxf3 27. gxf3 Bh6
28. Ne1 Rg6 29. Bf2 Rag8 30. Rb8 Bf8 31. Bxh4 Qxh4 32. Qc2 Qe7 33. Qf2 h4 34.
Qb6 Qg7 35. Rb7 Qf6 36. Qa7 Bg7 37. Rg1 Rxg1+ 38. Kxg1 Qg6+ 39. Kf2 Bf6 40. Ke2
h3 41. Rb8 Bh4 42. Rxg8+ Qxg8 43. Qd7 Qb8 44. Nd3 Qb6 45. Qc8+ Kh7 46. Qc1 Bg3
47. hxg3 fxg3 48. Qf1 g2 49. Qf2 g1=Q 50. Qh4+ Kg6 0-1

[Event "II Weekend INPS"]
[Site "Roma ITA"]
[Date "1997.??.??"]
[Round "1"]
[White "Morgia, Fabrizio"]
[Black "Siraco, Maurizio"]
[Result "0-1"]
[WhiteElo "1600"]
[BlackElo "1911"]
[PlyCount "62"]
[EventDate "1997.??.??"]

1. e4 c5 2. Nf3 Nc6 3. d4 cxd4 4. Nxd4 g6 5. Be3 Bg7 6. Be2 Nf6 7. Nc3 O-O 8.
f4 d6 9. g4 Nxg4 10. Bxg4 Bxd4 11. Bxd4 Bxg4 12. Qxg4 Nxd4 13. O-O-O f5 14. Qg1
e5 15. fxe5 dxe5 16. exf5 Rxf5 17. Qg2 Qg5+ 18. Qxg5 Rxg5 19. Rhe1 Rc8 20. Kb1
Rf5 21. Nd5 Kf7 22. c3 Nf3 23. Re2 Rd8 24. c4 g5 25. Rd3 g4 26. Rde3 h5 27. Re4
Rg8 28. b4 h4 29. Ne3 Rf4 30. Ng2 Rxe4 31. Rxe4 Nd2+ 0-1

[Event "II Weekend INPS"]
[Site "Roma ITA"]
[Date "1997.??.??"]
[Round "1"]
[White "Quimi, Marco"]
[Black "Piccioni, Marco"]
[Result "1-0"]
[WhiteElo "2240"]
[BlackElo "1651"]
[PlyCount "39"]
[EventDate "1997.??.??"]

1. e4 e5 2. Nf3 Nc6 3. Bc4 Nf6 4. d3 Bc5 5. c3 O-O 6. Bg5 h6 7. Bh4 d6 8. h3
Re8 9. Nbd2 Be6 10. O-O Bxc4 11. Nxc4 b5 12. Ne3 Bxe3 13. fxe3 Nb8 14. Qb3 c6
15. Rf2 Nbd7 16. Raf1 a6 17. Nh2 g5 18. Ng4 d5 19. Nxh6+ Kh7 20. Nxf7 1-0

[Event "II Weekend INPS"]
[Site "Roma ITA"]
[Date "1997.??.??"]
[Round "1"]
[White "Scacco, Mauro"]
[Black "Ferri, Stefano"]
[Result "1-0"]
[WhiteElo "2045"]
[BlackElo "1901"]
[PlyCount "61"]
[EventDate "1997.??.??"]

1. e4 c5 2. Nf3 Nf6 3. Nc3 e6 4. d4 cxd4 5. Nxd4 Bb4 6. Bd3 e5 7. Nb3 d5 8.
exd5 Qxd5 9. O-O Bxc3 10. bxc3 O-O 11. c4 Qc6 12. Bb2 Qc7 13. Re1 Nc6 14. Qf3
Bg4 15. Qg3 Rfe8 16. f4 exf4 17. Qh4 Ne5 18. Qg5 Ned7 19. Rf1 Rac8 20. h3 Bh5
21. Rxf4 h6 22. Qg3 g5 23. Raf1 Bg6 24. Bxg6 gxf4 25. Rxf4 b6 26. Bf5+ Kf8 27.
Bxd7 Nxd7 28. Qg7+ Ke7 29. Rxf7+ Kd6 30. Qg3+ Kc6 31. Qf3+ 1-0

[Event "II Weekend INPS"]
[Site "Roma ITA"]
[Date "1997.??.??"]
[Round "1"]
[White "Spano' Cuomo, Gaetano"]
[Black "Satta, Vladimiro"]
[Result "1-0"]
[WhiteElo "1641"]
[BlackElo "2230"]
[PlyCount "105"]
[EventDate "1997.??.??"]

1. d4 Nf6 2. c4 e6 3. Nc3 Bb4 4. a3 Bxc3+ 5. bxc3 c5 6. Nf3 O-O 7. e3 b6 8. Ne5
Bb7 9. Bd3 d6 10. Ng4 Nc6 11. O-O Na5 12. Nxf6+ Qxf6 13. Qc2 h6 14. Bb2 Rac8
15. d5 exd5 16. cxd5 c4 17. Be4 Qg5 18. f4 Qe7 19. Rae1 Rc5 20. a4 Bxd5 21.
Bh7+ Kh8 22. Ba3 Nb7 23. e4 Bc6 24. e5 Ra5 25. exd6 Qf6 26. d7 Nc5 27. Bb4 Rxa4
28. Bxc5 bxc5 29. Bf5 g6 30. Re8 Rxe8 31. dxe8=Q+ Bxe8 32. Qe2 Bc6 33. Be4 Kg7
34. f5 Qe5 35. f6+ Kg8 36. Qd2 Qxe4 37. Re1 Qd5 38. Re8+ Bxe8 39. Qxd5 Ra1+ 40.
Kf2 Ra6 41. Qe5 Re6 42. Qf4 Kh7 43. h4 a5 44. g4 a4 45. g5 a3 46. Qxc4 Kg8 47.
Qxc5 Ra6 48. Qe7 Ra8 49. gxh6 Bc6 50. h7+ Kxh7 51. Qxf7+ Kh6 52. Qg7+ Kh5 53.
Kg3 1-0

[Event "II Weekend INPS"]
[Site "Roma ITA"]
[Date "1997.??.??"]
[Round "1"]
[White "Sposito, Paolo"]
[Black "Fantazzini, Massimiliano"]
[Result "1/2-1/2"]
[WhiteElo "1459"]
[BlackElo "1714"]
[PlyCount "94"]
[EventDate "1997.??.??"]

1. d4 Nf6 2. c4 e6 3. Bg5 d5 4. cxd5 exd5 5. Nc3 Be7 6. e3 O-O 7. Bd3 Be6 8.
Qc2 Nbd7 9. Nge2 c5 10. Nf4 Rc8 11. O-O h6 12. Nxe6 fxe6 13. Bf4 Kh8 14. Bg6
cxd4 15. exd4 Ng4 16. Bg3 e5 17. h3 exd4 18. hxg4 dxc3 19. bxc3 Bb4 20. Qb3
Bxc3 21. Rad1 d4 22. Qxb7 a5 23. Bf5 Rf7 24. Qa6 Ra8 25. Qg6 Rxf5 26. Qxf5 Qe7
27. Rd3 Re8 28. f4 Nc5 29. Rdd1 Ne4 30. Be1 a4 31. Rd3 Nc5 32. Bf2 Nxd3 33.
Qxd3 Qf7 34. Bxd4 Bxd4+ 35. Qxd4 Qxa2 36. g5 Re2 37. Qd8+ Kh7 38. Qd3+ Kg8 39.
Qh3 Qe6 40. Qxe6+ Rxe6 41. f5 Ra6 42. gxh6 gxh6 43. Ra1 a3 44. Ra2 Kf7 45. Kf2
Kf6 46. g4 h5 47. gxh5 Kxf5 1/2-1/2

[Event "II Weekend INPS"]
[Site "Roma ITA"]
[Date "1997.??.??"]
[Round "1"]
[White "Vigile, Matteo"]
[Black "De Blasio, Alessandro"]
[Result "0-1"]
[WhiteElo "1771"]
[BlackElo "1570"]
[PlyCount "72"]
[EventDate "1997.??.??"]

1. e4 c5 2. f4 d6 3. Nf3 Nc6 4. c3 e6 5. Be2 Nge7 6. O-O g6 7. d4 cxd4 8. cxd4
d5 9. e5 Qb6 10. g4 h5 11. gxh5 Rxh5 12. Kg2 Nf5 13. Ng5 Rxg5+ 14. fxg5 Ncxd4
15. Nc3 Bd7 16. Bg4 Bc6 17. Ne2 Nh4+ 18. Kh3 Ndf5 19. Bxf5 Nxf5 20. Qb3 Qa6 21.
Re1 Bc5 22. Ng3 Bf2 23. Nxf5 Bxe1 24. Nd6+ Kd7 25. Qf3 Rh8+ 26. Kg2 d4 27. Ne4
Bxe4 28. Qxe4 Qc6 29. Qxc6+ Kxc6 30. Bf4 Ba5 31. Bg3 Rc8 32. Rf1 Rc7 33. Be1
Bxe1 34. Rxe1 Kd5 35. Re2 d3 36. Re1 Rc2+ 0-1

[Event "II Weekend INPS"]
[Site "Roma ITA"]
[Date "1997.??.??"]
[Round "1"]
[White "Zagaglia, Alessandro"]
[Black "Viscogliosi, Enzo"]
[Result "1-0"]
[WhiteElo "1537"]
[BlackElo "1732"]
[PlyCount "64"]
[EventDate "1997.??.??"]

1. e4 Nf6 2. Nc3 d5 3. e5 Ne4 4. Nxe4 dxe4 5. d4 exd3 6. Qxd3 Qxd3 7. Bxd3 Be6
8. Be4 c6 9. Be3 g6 10. Ne2 Bg7 11. f4 Nd7 12. Nd4 Bh6 13. Nxe6 fxe6 14. Ke2
Nb6 15. Bxb6 axb6 16. Rhf1 Ra4 17. Ke3 Rf8 18. a3 Ra5 19. g4 Bg7 20. g5 Ra8 21.
a4 Kf7 22. Rad1 Rad8 23. Rxd8 Rxd8 24. Bf3 Ke8 25. h4 h6 26. b3 Kf7 27. Rd1 Ra8
28. Rd7 Rb8 29. c4 Ke8 30. Rxb7 Rxb7 31. Bxc6+ Rd7 32. Bxd7+ Kxd7 1-0

[Event "II Weekend INPS"]
[Site "Roma ITA"]
[Date "1997.??.??"]
[Round "2"]
[White "Campagna, Maurizio"]
[Black "Galdelli, Fabiano"]
[Result "1/2-1/2"]
[WhiteElo "1573"]
[BlackElo "1738"]
[PlyCount "91"]
[EventDate "1997.??.??"]

1. d4 Nf6 2. c4 e6 3. Nc3 Bb4 4. Qc2 c5 5. e3 d5 6. Nf3 Nbd7 7. Bd2 Bxc3 8.
bxc3 Qc7 9. cxd5 exd5 10. Qa4 O-O 11. Bd3 c4 12. Bc2 Re8 13. O-O Nb6 14. Qb4
Bd7 15. Ne5 Ne4 16. Bc1 Be6 17. Ba3 f6 18. Nf3 Bf7 19. Rad1 Rac8 20. Nd2 Rcd8
21. Nxe4 dxe4 22. Rb1 Bd5 23. Qb2 Nd7 24. Ba4 a6 25. Bxd7 Rxd7 26. Qb6 Re6 27.
Qc5 Qxc5 28. Bxc5 b5 29. Rb2 f5 30. Re1 g5 31. Ba3 h5 32. Kf1 Rf6 33. Ke2 f4
34. Rg1 f3+ 35. Kd2 fxg2 36. Rxg2 g4 37. h3 Be6 38. Rb1 Rdf7 39. Ke2 Kh7 40. h4
Rf3 41. Bd6 Bd5 42. Bg3 R7f6 43. Rgg1 Rb6 44. a4 Rff6 45. a5 Rb7 46. Rb4
1/2-1/2

[Event "II Weekend INPS"]
[Site "Roma ITA"]
[Date "1997.??.??"]
[Round "2"]
[White "Celletti, Luca"]
[Black "Dentale, Enrico"]
[Result "1-0"]
[WhiteElo "1600"]
[BlackElo "1600"]
[PlyCount "142"]
[EventDate "1997.??.??"]

1. e4 e5 2. Nf3 Nf6 3. Bc4 Bc5 4. c3 Nc6 5. b4 Bb6 6. d3 d6 7. O-O O-O 8. Be3
Bg4 9. Nbd2 d5 10. Bxb6 axb6 11. exd5 Nxd5 12. Qc2 Re8 13. Rfe1 Bxf3 14. Nxf3
Ra3 15. Bb3 b5 16. Rad1 Nf6 17. Re2 Re7 18. Rde1 Qd6 19. Ng5 h6 20. Ne4 Nxe4
21. dxe4 Rd7 22. Qc1 Ra8 23. Rd1 Qe7 24. Rxd7 Qxd7 25. Rd2 Qe7 26. Qd1 Rd8 27.
Rxd8+ Qxd8 28. Kf1 Qxd1+ 29. Bxd1 Ne7 30. Bb3 Kf8 31. Ke2 b6 32. Ke3 c5 33. Bd1
cxb4 34. cxb4 Nc6 35. a3 Ke7 36. g3 g5 37. Kf3 Kf6 38. Ke3 Na7 39. Be2 Ke6 40.
f4 Kf6 41. f5 Ke7 42. Kf3 Kf6 43. Kg4 Kg7 44. Kh5 f6 45. Kg4 Kf7 46. Kf3 Ke7
47. Ke3 Kd6 48. Kd2 Kc6 49. Kc3 Nc8 50. Bd3 Nd6 51. Kb3 Kd7 52. a4 bxa4+ 53.
Kxa4 Kc6 54. Kb3 h5 55. h3 Nb5 56. Bxb5+ Kxb5 57. Kc3 Ka4 58. Kc4 b5+ 59. Kc5
Kb3 60. Kxb5 Kc3 61. Kc5 Kd3 62. Kd5 Ke3 63. b5 Kf3 64. b6 Kxg3 65. b7 Kxh3 66.
b8=Q g4 67. Qb1 g3 68. Qh1+ Kg4 69. Ke6 h4 70. Kxf6 h3 71. Kxe5 h2 1-0

[Event "II Weekend INPS"]
[Site "Roma ITA"]
[Date "1997.??.??"]
[Round "2"]
[White "Corvi, Marco"]
[Black "Vigile, Matteo"]
[Result "1-0"]
[WhiteElo "2260"]
[BlackElo "1771"]
[PlyCount "58"]
[EventDate "1997.??.??"]

1. e4 e5 2. Nf3 Nc6 3. Nc3 Nf6 4. g3 Bc5 5. Bg2 d6 6. O-O Bg4 7. h3 Bh5 8. d3
Qd7 9. Na4 Bxf3 10. Bxf3 Qxh3 11. Nxc5 dxc5 12. Bg2 Qe6 13. Be3 Nd7 14. c3
O-O-O 15. Qb3 c4 16. Qxc4 Qxc4 17. dxc4 Nb6 18. b3 Rd3 19. Rfc1 Rhd8 20. Bf1
Rxe3 21. fxe3 Nd7 22. Bh3 Kb8 23. Rd1 Nf6 24. Rxd8+ Nxd8 25. Rd1 Nc6 26. b4 b6
27. b5 Ne7 28. Rd8+ Kb7 29. Rf8 Ng6 1-0

[Event "II Weekend INPS"]
[Site "Roma ITA"]
[Date "1997.??.??"]
[Round "2"]
[White "De Blasio, Alessandro"]
[Black "Coppini, Giorgio"]
[Result "0-1"]
[WhiteElo "1570"]
[BlackElo "2195"]
[PlyCount "60"]
[EventDate "1997.??.??"]

1. e4 d6 2. d4 Nf6 3. Nc3 g6 4. f4 Bg7 5. Nf3 c5 6. dxc5 Qa5 7. Bd3 Qxc5 8. Qe2
Bg4 9. Be3 Qa5 10. Bd2 O-O 11. Nd5 Qd8 12. Nxf6+ Bxf6 13. e5 Bg7 14. O-O dxe5
15. fxe5 Nc6 16. Bc3 Bxf3 17. Qxf3 Bxe5 18. Bxe5 Nxe5 19. Qxb7 Nxd3 20. cxd3
Rb8 21. Qxa7 Rxb2 22. d4 Qd5 23. Rf2 Rxf2 24. Kxf2 Rc8 25. Re1 Ra8 26. Qxe7
Rxa2+ 27. Re2 Qxd4+ 28. Qe3 Qxe3+ 29. Kxe3 Rxe2+ 30. Kxe2 Kg7 0-1

[Event "II Weekend INPS"]
[Site "Roma ITA"]
[Date "1997.??.??"]
[Round "2"]
[White "Farina, Saverio"]
[Black "Spano' Cuomo, Gaetano"]
[Result "1-0"]
[WhiteElo "2195"]
[BlackElo "1641"]
[PlyCount "51"]
[EventDate "1997.??.??"]

1. d4 Nf6 2. c4 e6 3. a3 d5 4. Nc3 Be7 5. Nf3 Nbd7 6. Qc2 b6 7. cxd5 exd5 8.
Nb5 c5 9. Bf4 O-O 10. Bc7 Qe8 11. Nd6 Bxd6 12. Bxd6 c4 13. Bxf8 Nxf8 14. g3 Ne4
15. Bg2 Bg4 16. Ne5 Bf5 17. g4 Ne6 18. e3 Nxd4 19. exd4 f6 20. gxf5 fxe5 21.
Bxe4 exd4 22. O-O-O dxe4 23. Qxc4+ Kh8 24. Qxd4 h6 25. Kb1 Rc8 26. Rhg1 1-0

[Event "II Weekend INPS"]
[Site "Roma ITA"]
[Date "1997.??.??"]
[Round "2"]
[White "Ferri, Stefano"]
[Black "Di Lascio, Savino"]
[Result "1/2-1/2"]
[WhiteElo "1901"]
[BlackElo "1708"]
[PlyCount "148"]
[EventDate "1997.??.??"]

1. d4 Nf6 2. Nf3 b6 3. c4 e6 4. Nc3 Bb4 5. Bg5 Bb7 6. e3 h6 7. Bxf6 Qxf6 8. Be2
c5 9. Rc1 cxd4 10. exd4 O-O 11. O-O Na6 12. Qa4 Ba5 13. Qxd7 Bxf3 14. Bxf3 Rad8
15. Qxa7 Nb8 16. Qc7 Rxd4 17. a3 Rd7 18. Qg3 Bxc3 19. Rxc3 Rd2 20. Qc7 Rxb2 21.
Rd3 Na6 22. Qa7 Nc5 23. Rd6 Qc3 24. Rxb6 Rxb6 25. Qxb6 Qxa3 26. Rb1 Qa2 27. Qb5
Nd3 28. Rf1 Rc8 29. Be4 Nf4 30. c5 Ne2+ 31. Kh1 f5 32. Bf3 Nc3 33. Qd7 Qa6 34.
Kg1 Rxc5 35. Qe8+ Kh7 36. Bh5 Ne2+ 37. Kh1 Nf4 38. Rd1 Nxh5 39. Qxh5 Rd5 40. h3
g6 41. Qf3 Qd6 42. Rb1 e5 43. Qb3 Kg7 44. Ra1 Kf6 45. Rc1 f4 46. Qa4 Kf5 47.
Rc6 Rd1+ 48. Kh2 Qd2 49. Qa7 Qd7 50. Qc5 Qd4 51. Qf8+ Ke4 52. Qf7 Qxf2 53. Rc4+
Ke3 54. Rc3+ Kd2 55. Rc2+ Kxc2 56. Qa2+ Kd3 57. Qxf2 g5 58. Qf3+ Kc2 59. Qe4+
Kc1 60. Qxe5 Rd2 61. Qf6 Kd1 62. Qxh6 f3 63. Qxg5 f2 64. Qf4 Ke2 65. Qf3+ Ke1
66. Qe3+ Kd1 67. Qb3+ Ke1 68. Qb1+ Ke2 69. Qe4+ Kd1 70. Qc4 Ke1 71. Qe4+ Kd1
72. Qa4+ Ke2 73. Qg4+ Ke1 74. Qe4+ Kd1 1/2-1/2

[Event "II Weekend INPS"]
[Site "Roma ITA"]
[Date "1997.??.??"]
[Round "2"]
[White "Lagumina, Giulio"]
[Black "Montecchi, Ugo"]
[Result "1/2-1/2"]
[WhiteElo "2265"]
[BlackElo "1833"]
[PlyCount "34"]
[EventDate "1997.??.??"]

1. d4 Nf6 2. Bg5 Ne4 3. Bf4 c5 4. f3 Nf6 5. dxc5 Nc6 6. Nc3 e5 7. Bg5 Bxc5 8.
Qd2 Qb6 9. Nh3 Qxb2 10. Rb1 Qa3 11. Rb3 Qa5 12. Rb5 Qa3 13. Rb3 Qa5 14. Rb5 Qa3
15. Bxf6 gxf6 16. Rb3 Qa5 17. Rb5 Qa3 1/2-1/2

[Event "II Weekend INPS"]
[Site "Roma ITA"]
[Date "1997.??.??"]
[Round "2"]
[White "Manzanilla, Rufino"]
[Black "Cenni, Franco"]
[Result "1-0"]
[WhiteElo "1600"]
[BlackElo "1663"]
[PlyCount "55"]
[EventDate "1997.??.??"]

1. Nf3 Nf6 2. d4 d5 3. Bg5 e6 4. Nbd2 Be7 5. e3 O-O 6. c4 c6 7. Bd3 Nbd7 8. a3
dxc4 9. Nxc4 h6 10. Bh4 Nb6 11. O-O Nxc4 12. Bxc4 Nd5 13. Bxe7 Qxe7 14. Qc2 b5
15. Ba2 Bb7 16. Bb1 g6 17. Ne5 Rac8 18. b4 Qg5 19. h4 Qe7 20. h5 Kh8 21. hxg6
f5 22. Qe2 c5 23. Qh5 Kg7 24. bxc5 Nf6 25. Qh4 Qd8 26. Bd3 Qd5 27. f3 Ng4 28.
Qe7+ 1-0

[Event "II Weekend INPS"]
[Site "Roma ITA"]
[Date "1997.??.??"]
[Round "2"]
[White "Matano, Arturo"]
[Black "Maddaloni, Giovanni"]
[Result "1-0"]
[WhiteElo "1705"]
[BlackElo "1571"]
[PlyCount "71"]
[EventDate "1997.??.??"]

1. d4 d5 2. c4 e5 3. dxe5 d4 4. Nf3 Nc6 5. a3 Bg4 6. Nbd2 Qd7 7. h3 Bxf3 8.
Nxf3 O-O-O 9. Qd3 f6 10. exf6 Nxf6 11. g3 Kb8 12. Bg2 g6 13. O-O Bg7 14. b4 Ne8
15. c5 h6 16. Rb1 Qe6 17. Bd2 g5 18. b5 Ne5 19. Nxe5 Bxe5 20. Qf3 Qc8 21. b6
axb6 22. Rfc1 d3 23. cxb6 c6 24. exd3 Nd6 25. Qd1 Qf5 26. Qa4 Rhf8 27. Qa7+ Kc8
28. Rxc6+ Kd7 29. Rc7+ Ke6 30. Qa5 Nc4 31. Qc5 Qxf2+ 32. Qxf2 Rxf2 33. Kxf2
Nxd2 34. Re1 Rxd3 35. Bxb7 Kf6 36. Rc6+ 1-0

[Event "II Weekend INPS"]
[Site "Roma ITA"]
[Date "1997.??.??"]
[Round "2"]
[White "Mogranzini, Roberto"]
[Black "Quimi, Marco"]
[Result "1-0"]
[WhiteElo "1834"]
[BlackElo "2240"]
[PlyCount "105"]
[EventDate "1997.??.??"]

1. e4 c5 2. Nf3 d6 3. d4 cxd4 4. Nxd4 Nf6 5. Nc3 g6 6. Be3 Bg7 7. f3 O-O 8. Qd2
Nc6 9. Bc4 Bd7 10. O-O-O Rc8 11. Bb3 Ne5 12. g4 Nc4 13. Bxc4 Rxc4 14. h4 Qa5
15. Kb1 Rfc8 16. Nb3 Qa6 17. h5 b5 18. Rc1 Rxc3 19. hxg6 Rxe3 20. gxf7+ Kxf7
21. Qxe3 Qb6 22. Qf4 h6 23. Rcd1 Qf2 24. Rh2 Qb6 25. Qd2 e5 26. g5 hxg5 27.
Qxg5 Rg8 28. Qd2 Bf8 29. Rhh1 Be6 30. Nc1 Rg3 31. Nd3 Rxf3 32. Qg2 Qe3 33. Rde1
Rg3 34. Qh2 Qg5 35. Qf2 Rg2 36. Qxa7+ Be7 37. Ref1 Qg6 38. Qa8 Qg4 39. Qb7 Bc4
40. b3 Bxd3 41. Qd5+ Ke8 42. Qxd3 b4 43. Qb5+ Kd8 44. Qxb4 Nd7 45. Qa5+ Kc8 46.
Rd1 Nc5 47. Qa8+ Kc7 48. Qa7+ Nb7 49. Rd3 Rxc2 50. Rg1 Rg2 51. Rc3+ Kd8 52.
Qb8+ Kd7 53. Qxb7+ 1-0

[Event "II Weekend INPS"]
[Site "Roma ITA"]
[Date "1997.??.??"]
[Round "2"]
[White "Passerotti, Pierluigi"]
[Black "Cattarinich, Benedetto"]
[Result "1-0"]
[WhiteElo "2310"]
[BlackElo "1837"]
[PlyCount "65"]
[EventDate "1997.??.??"]

1. d4 d5 2. c4 dxc4 3. e4 Nc6 4. Nf3 Bg4 5. Bxc4 e6 6. d5 Bxf3 7. Qxf3 Ne5 8.
Bb5+ c6 9. Qc3 cxb5 10. Qxe5 Bd6 11. Qxg7 Qc7 12. Nc3 Be5 13. Nxb5 Qb8 14. Qg4
Nf6 15. Qf3 O-O 16. O-O exd5 17. exd5 a6 18. Nc3 Bxh2+ 19. Kh1 Be5 20. Bh6 Re8
21. Rae1 Qd6 22. Re3 Rac8 23. Rfe1 Rc4 24. Bg5 Nd7 25. Qe2 Rb4 26. f4 Qg6 27.
fxe5 Qxg5 28. Kg1 Rg4 29. Ne4 Qg6 30. e6 fxe6 31. Nd6 Re7 32. Rxe6 Rxe6 33.
dxe6 1-0